LEADER 01196nam0 22003011i 450 001 UON00425499 005 20231205104845.439 010 $a20-200-4405-6 100 $a20130529d1976 |0itac50 ba 101 $afre 102 $aFR 105 $a|||| 1|||| 200 1 $aMimologiques$evoyage en Cratylie$fGerard Genette 210 $aParis$cSeuil$d1976 215 $a432 p.$d21 cm. 410 1$1001UON00175380$12001 $aPoétique$1210 $aParis$cÉditions du Seuil 606 $aGEROGLIFICI$xSTUDI$3UONC058299$2FI 606 $aSIMBOLI$3UONC025918$2FI 620 $aFR$dParis$3UONL002984 676 $a801.95$cCritica letteraria$v21 700 1$aGenette$bGérard$3UONV119150$0384264 712 $aÉditions du Seuil$3UONV254259$4650 801 $aIT$bSOL$c20250613$gRICA 912 $aUON00425499 950 $aSIBA - SISTEMA BIBLIOTECARIO DI ATENEO$dSI FS 06652 $eSI FP 12522 5 950 $aSIBA - SISTEMA BIBLIOTECARIO DI ATENEO$dSI X 180 $eSI LO 2627 5 180 $sBuono 996 $aMimologiques$9160433 997 $aUNIOR